Taylor Swift - Chansons les plus streamés de 1989 - Statistiques

Statistiques générales
  • Ce quiz a été pris 377 fois
  • Le résultat moyen est 8 sur 16
Statistiques - réponses
Hint Réponse % Correct
4’370M Blank Space
97%
4’368M Shake It Off
95%
2’057M Bad Blood
83%
1’298M Style
77%
1’860M Wildest Dreams
73%
388M Out of The Woods
59%
250M New Romantics
50%
173M This Love
39%
122M Clean
37%
155M Welcome to New York
35%
104M How You Get The Girl
30%
90M I Know Places
29%
85M Wonderland
29%
83M You Are In Love
29%
143M All You Had To Do Was Stay
27%
84M I Wish You Would
25%
Aucun quiz correspondant
Distribution des résultats
% des personnes avec chaque résultat
Percentile par nombre de réponses
Votre historique - résultats
Vous n’avez pas pris ce quiz